[Event "Istanbul op-A 12th"]
[Site "Istanbul"]
[Date "2013.10.13"]
[Round "2"]
[White "Ayyildiz, Bugra"]
[Black "Ozveren, Ali Bulent"]
[Result "0-1"]
[WhiteElo "1545"]
[BlackElo "2017"]
[PlyCount "80"]
[EventDate "2013.10.12"]
[EventType "swiss"]
[EventRounds "9"]
[EventCountry "TUR"]
[SourceTitle "EXT 2014"]
[Source "ChessBase"]
[SourceDate "2013.11.20"]
[SourceVersion "1"]
[SourceVersionDate "2013.11.20"]
[SourceQuality "1"]

1. d4 Nf6 2. c4 g6 3. Nc3 Bg7 4. Nf3 d6 5. Bg5 0-0 6. e3 Nbd7 7. Bd3 c5 8. 0-0 Re8 9. Re1 h6 10. Bh4 Qc7 11. Rc1 a6 12. Bg3 Nh5 13. Qc2 Nxg3 14. hxg3 Nf8 15. Nd5 Qd8 16. a3 Bg4 17. Nh2 Bd7 18. Nf3 Bc6 19. Rcd1 b6 20. Be4 Rc8 21. dxc5 bxc5 22. Nc3 Bxe4 23. Nxe4 Rb8 24. b3 Qa5 25. Qa2 Rb7 26. Rd5 Reb8 27. Rb1 Nd7 28. Nd4 Bxd4 29. exd4 f5 30. dxc5 dxc5 31. Nxc5 Nxc5 32. b4 Qc7 33. Rxc5 Qxc5 34. bxc5 Rxb1+ 35. Kh2 R8b2 36. c6 Rxa2 37. c7 Raa1 38. c8Q+ Kf7 39. g4 f4 40. g3 f3 0-1